Fyodor Dostoevsky's Crime and punishment / (Record no. 2152)

MARC details
000 -LEADER
fixed length control field 01599cam a2200193 4500
001 - CONTROL NUMBER
control field 2692
005 - DATE AND TIME OF LATEST TRANSACTION
control field 20181127165523.0
008 - FIXED-LENGTH DATA ELEMENTS--GENERAL INFORMATION
fixed length control field 030320s2004 pau b 001 0 eng
020 ## - INTERNATIONAL STANDARD BOOK NUMBER
International Standard Book Number 8130906406
245 00 - TITLE STATEMENT
Title Fyodor Dostoevsky's Crime and punishment /
Statement of responsibility, etc. edited and with an introduction by Harold Bloom.
246 30 - VARYING FORM OF TITLE
Title proper/short title Crime and punishment
260 ## - PUBLICATION, DISTRIBUTION, ETC.
Place of publication, distribution, etc. New Delhi :
Name of publisher, distributor, etc. Viva Books,
Date of publication, distribution, etc. 2007.
300 ## - PHYSICAL DESCRIPTION
Extent vii, 302 p. ;
Dimensions 25 cm.
440 #0 - SERIES STATEMENT/ADDED ENTRY--TITLE
Title Viva modern critical interpretations
504 ## - BIBLIOGRAPHY, ETC. NOTE
Bibliography, etc. note Includes bibliographical references (p. 285-288) and index.
505 0# - FORMATTED CONTENTS NOTE
Formatted contents note The intellectual problem II / A.D. Nuttall -- Characteristics of genre and plot composition in Dostoevsky's works / Mikhail Bakhtin -- Crime and punishment : psychology on trial / Harriet Murav -- In defense of the epilogue of Crime and punishment / David Matual -- The resurrection from inertia in Crime and punishment / Liza Knapp -- Mediating the distance : prophecy and alterity in Greek tragedy and Dostoevsky's Crime and punishment / Naomi Rood -- How Dostoevsky inscribes ""Thou shalt not kill"" in a killer's heart : the decalogue taboo internalized, the it of ""it"" / Olga Meerson -- The art of Crime and punishment / Victor Terras -- The religious symbolism of clothing in Dostoevsky's Crime and punishment / Janet Tucker -- Beyond the will : humiliation as Christian necessity in Crime and punishment / Henry M.W. Russell -- Towards an iconography of Crime and punishment / Antony Johae -- The other Lazarus in Crime and punishment / Linda Ivanits.
600 10 - SUBJECT ADDED ENTRY--PERSONAL NAME
Personal name Dostoyevsky, Fyodor,
Dates associated with a name 1821-1881.
Title of a work
700 1# - ADDED ENTRY--PERSONAL NAME
Personal name Bloom, Harold.
Holdings
Withdrawn status Lost status Source of classification or shelving scheme Damaged status Not for loan Collection code Home library Current library Shelving location Date acquired Cost, normal purchase price Serial Enumeration / chronology Inventory number Total Checkouts Full call number Barcode Date last seen Date last checked out Price effective from Koha item type
    Dewey Decimal Classification     Main TEST RTC Library RTC Library Main opac 15/04/2022 175.00 2264 2 891.7 DOS 30002210 21/09/2023 21/09/2023 27/11/2018 Main
Royal Thimphu College || All Right Reserved